<The> Legal Environment of Business

Saved in:
Bibliographic Details
Main Author: Blackburn, John D.
Other Authors: Klayman, Elliot I., Malin, Martin H.
Format: Book
Language:English
Published: Homewood Irwin 1988
Edition:3. ed.
Subjects:
Tags: Add Tag
No Tags, Be the first to tag this record!

MARC

LEADER 00000nam a2200000 4500
001 c000312
005 20221219121117.5
020 |a 0-256-06032-0 
041 0 |a eng 
044 |a US 
245 1 0 |a <The> Legal Environment of Business  |c John D. Blackburn, Elliot I. Klayman, Martin H. Malin 
250 |a 3. ed. 
264 1 |a Homewood  |b Irwin  |c 1988 
300 |a 666 s. 
610 2 0 |a legislatíva 
610 2 0 |a právo hospodárske 
610 2 0 |a predpisy právne 
610 2 0 |a podnik 
610 2 0 |a štát 
610 2 0 |a regulácia hospodárska 
610 2 0 |a kontrakty 
610 2 0 |a trh peňažný 
610 2 0 |a financie podnikové 
610 2 0 |a papiere cenné 
610 2 0 |a dlhy 
610 2 0 |a ochrana spotrebiteľa 
610 2 0 |a podnik medzinárodný 
610 2 0 |a zamestnanci 
610 2 0 |a vzťahy pracovnoprávne 
610 2 0 |a ochrana pracovníkov 
100 1 |a Blackburn, John D. 
700 1 |a Klayman, Elliot I. 
700 1 |a Malin, Martin H.